| 000 | 00596nam a22002177a 4500 | ||
|---|---|---|---|
| 003 | OSt | ||
| 005 | 20140310181923.0 | ||
| 008 | 130719t xxu||||| |||| 00| 0 eng d | ||
| 020 | _a9780077193904 | ||
| 050 |
_aPE 1128 _b.Sh553 2008 |
||
| 082 |
_aTR 808.42 _bSh1-te3 2008 |
||
| 100 |
_aSherman, Kristin D. _91995 |
||
| 245 |
_aExcellent English 3 : _bTeachers edition / _cKristin D. Sherman. |
||
| 300 |
_a401 p. : _c27 cm. |
||
| 500 | _aw/ audio CD | ||
| 521 | _aFaculty | ||
| 541 | _j1 | ||
| 562 | _e1 | ||
| 650 |
_aEnglish language _xGrammar. _91996 |
||
| 942 |
_2lcc _cBK-TR _kTR |
||
| 999 |
_c7087 _d7087 |
||